[Event "Bodensee-Cup 2008 (Bayern-Württemberg)"]
[Site "Wasserburg (25.4.-27.4)"]
[Date "2008.04.25"]
[Round "1.12"]
[White "Wagner, Florian(06.90)"]
[Black "Schloetzer, Waldemar"]
[Result "0-1"]
[WhiteElo "2180"]
[BlackElo "2241"]
[PlyCount "104"]
[EventDate "2008.04.??"]
[EventType "team-tourn"]
[EventRounds "1"]
[WhiteTeam "Bayern/Nürnberg-NT SC"]
[BlackTeam "Baden/Buchen BG"]
[WhiteTeamCountry "GER"]
[BlackTeamCountry "GER"]

1. d4 d5 2. c4 e6 3. Nf3 Nf6 4. Nc3 Be7 5. g3 O-O 6. Bg2 Nbd7 7. b3 c6 8. O-O
b6 9. Bb2 Bb7 10. Qc2 Rc8 11. Rad1 Qc7 12. e4 Rfd8 13. Rfe1 Bf8 14. Bc1 dxe4
15. Bf4 Bd6 16. Bxd6 Qxd6 17. Nxe4 Nxe4 18. Qxe4 Nf6 19. Qe2 c5 20. dxc5 Qxc5
21. Ne5 Bxg2 22. Kxg2 Qc7 23. Rxd8+ Rxd8 24. Rd1 Rxd1 25. Qxd1 Kf8 26. Qd4 Ne8
27. c5 bxc5 28. Nd7+ Ke7 29. Nxc5 Nf6 30. b4 Qd6 31. Nb3 Qc6+ 32. Kg1 Qb6 33.
Kg2 Qc6+ 34. Kg1 Qb6 35. Qc4 Qd6 36. h3 g5 37. a4 Nd7 38. a5 Ne5 39. Qc3 Qd5
40. Qc5+ Qxc5 41. Nxc5 Nc6 42. Kg2 Nxb4 43. Kf3 f5 44. Ke3 Kd6 45. Nb7+ Kd5 46.
f4 gxf4+ 47. gxf4 h5 48. Kf3 h4 49. Ke3 Nc6 50. Kd3 Nd4 51. Ke3 Nb3 52. Kd3
Nc5+ 0-1

[Event "Bodensee-Cup 2008 (Bayern-Baden)"]
[Site "Wasserburg (25.4.-27.4)"]
[Date "2008.04.26"]
[Round "2.1"]
[White "Bogner, Sebastian"]
[Black "Prusikin, Michael"]
[Result "1-0"]
[WhiteElo "2462"]
[BlackElo "2474"]
[PlyCount "109"]
[EventDate "2008.04.??"]
[EventType "team-tourn"]
[EventRounds "2"]
[WhiteTeam "Baden/Neuhausen SK"]
[BlackTeam "Bayern/Forchheim SC"]
[WhiteTeamCountry "GER"]
[BlackTeamCountry "GER"]

1. e4 e6 2. d4 d5 3. Nd2 Nf6 4. e5 Nfd7 5. Bd3 c5 6. c3 Nc6 7. Ne2 cxd4 8. cxd4
f6 9. exf6 Nxf6 10. Nf3 Qc7 11. O-O Bd6 12. Bg5 O-O 13. Bh4 Nh5 14. Rc1 a6 15.
Rc3 g6 16. Bc2 Qg7 17. a3 Bd7 18. Qd2 h6 19. Bg3 Nxg3 20. hxg3 g5 21. g4 Rf6
22. Ng3 Be8 23. Re1 Bf4 24. Qd1 Bg6 25. Ba4 Bxg3 26. fxg3 Na5 27. Ne5 b5 28.
Bc2 Bxc2 29. Qxc2 Nc4 30. b3 Nxe5 31. Rxe5 Raf8 32. Rc7 Qg6 33. Qxg6+ Rxg6 34.
Rc6 Kf7 35. Rxa6 Rc8 36. Ra7+ Ke8 37. Ra6 Rc1+ 38. Kf2 Rf6+ 39. Ke2 Ke7 40.
Ra7+ Kd6 41. Ra6+ Ke7 42. Kd3 b4 43. axb4 Rd1+ 44. Kc3 Rc1+ 45. Kd2 Rb1 46. Kc2
Rff1 47. Rexe6+ Kd7 48. Rad6+ Kc7 49. Rxd5 Rfc1+ 50. Kd3 Rxb3+ 51. Ke4 Re1+ 52.
Kf5 Rxe6 53. Kxe6 Rxg3 54. Rc5+ Kb7 55. d5 1-0

[Event "Bodensee-Cup 2008 (Bayern-Baden)"]
[Site "Wasserburg (25.4.-27.4)"]
[Date "2008.04.26"]
[Round "2.2"]
[White "Bezold, Michael(72)"]
[Black "Strohhaeker, Raoul"]
[Result "1/2-1/2"]
[WhiteElo "2472"]
[BlackElo "2411"]
[PlyCount "87"]
[EventDate "2008.04.??"]
[EventType "team-tourn"]
[EventRounds "2"]
[WhiteTeam "Bayern/München-Bayern FC"]
[BlackTeam "Baden/Baden-Baden OSC"]
[WhiteTeamCountry "GER"]
[BlackTeamCountry "GER"]

1. c4 e6 2. Nf3 d5 3. e3 Nf6 4. b3 Be7 5. Bb2 O-O 6. g3 Nbd7 7. Bg2 Nc5 8. d4
Nce4 9. O-O b6 10. Ne5 Bb7 11. cxd5 exd5 12. Nd2 c5 13. dxc5 Bxc5 14. Rc1 Rc8
15. Nxe4 dxe4 16. Ng4 Nd5 17. Bxe4 Nxe3 18. Nxe3 Bxe4 19. Qg4 Bg6 20. Nf5 Qd2
21. Bd4 h5 22. Qf3 Bxf5 23. Bxc5 Bg4 24. Qe3 Rfd8 25. Be7 Rxc1 26. Rxc1 Rd3 27.
Qxd2 Rxd2 28. Ra1 Bf3 29. Bg5 Rc2 30. Be3 f6 31. b4 Rb2 32. a3 Kf7 33. Kf1 Ke6
34. Ke1 Kd5 35. Bd2 b5 36. h4 a6 37. Rc1 Rb3 38. Rc3 Rxc3 39. Bxc3 Kc4 40. Bb2
Kb3 41. Bc1 Kc2 42. Be3 Kb2 43. Bb6 Kxa3 44. Ba5 1/2-1/2

[Event "Bodensee-Cup 2008 (Bayern-Baden)"]
[Site "Wasserburg (25.4.-27.4)"]
[Date "2008.04.26"]
[Round "2.3"]
[White "Arnold, Lothar"]
[Black "Rupprecht, Andreas(72)"]
[Result "1/2-1/2"]
[WhiteElo "2365"]
[BlackElo "2364"]
[PlyCount "28"]
[EventDate "2008.04.??"]
[EventType "team-tourn"]
[EventRounds "2"]
[WhiteTeam "Baden/Karlsruhe SF"]
[BlackTeam "Bayern/München-Tarr. SC"]
[WhiteTeamCountry "GER"]
[BlackTeamCountry "GER"]

1. e4 e6 2. d4 d5 3. Nd2 Nc6 4. Ngf3 Nf6 5. e5 Nd7 6. Bb5 a6 7. Bxc6 bxc6 8.
O-O c5 9. c3 Be7 10. dxc5 Nxc5 11. b4 Nd7 12. Nb3 c5 13. bxc5 Nxc5 14. Nfd4 Qc7
1/2-1/2

[Event "Bodensee-Cup 2008 (Bayern-Baden)"]
[Site "Wasserburg (25.4.-27.4)"]
[Date "2008.04.26"]
[Round "2.4"]
[White "Lutz, Dieter"]
[Black "Pfrommer, Christoph"]
[Result "1/2-1/2"]
[WhiteElo "2303"]
[BlackElo "2301"]
[PlyCount "78"]
[EventDate "2008.04.??"]
[EventType "team-tourn"]
[EventRounds "2"]
[WhiteTeam "Bayern/Bechhofen SC"]
[BlackTeam "Baden/Karlsruhe SF"]
[WhiteTeamCountry "GER"]
[BlackTeamCountry "GER"]

1. e4 c5 2. Nf3 e6 3. c3 Nf6 4. e5 Nd5 5. d4 cxd4 6. Bc4 Nb6 7. Bb3 d6 8. cxd4
dxe5 9. Nxe5 Nc6 10. Nxc6 bxc6 11. O-O Be7 12. Nc3 O-O 13. Be3 Nd5 14. Qd2 a5
15. Rac1 Ba6 16. Rfd1 Qb8 17. Ne4 Rc8 18. Nc5 Bb5 19. Re1 a4 20. Bd1 a3 21. b3
Rd8 22. Bf3 Qa7 23. Bg5 Bxg5 24. Qxg5 Qe7 25. Qd2 Qf6 26. Ne4 Qf4 27. Red1 Qxd2
28. Rxd2 Nb4 29. Rcd1 Kf8 30. g3 Rac8 31. Kg2 Ke7 32. h4 h6 33. Nc5 Rd6 34. Ne4
Rd7 35. Nc3 Rcd8 36. Nb1 Ra7 37. Nc3 Rad7 38. Nb1 Ra7 39. Nc3 Rad7 1/2-1/2

[Event "Bodensee-Cup 2008 (Bayern-Baden)"]
[Site "Wasserburg (25.4.-27.4)"]
[Date "2008.04.26"]
[Round "2.5"]
[White "Schwalfenberg, Joerg"]
[Black "Jorczik, Julian"]
[Result "0-1"]
[WhiteElo "2269"]
[BlackElo "2338"]
[PlyCount "125"]
[EventDate "2008.04.??"]
[EventType "team-tourn"]
[EventRounds "2"]
[WhiteTeam "Baden/Handschuhsheim SK"]
[BlackTeam "Bayern/München-Bayern FC"]
[WhiteTeamCountry "GER"]
[BlackTeamCountry "GER"]

1. Nf3 Nf6 2. b3 d6 3. d4 g6 4. Bb2 Bg7 5. Nbd2 Bf5 6. e3 O-O 7. Be2 a5 8. a3
Re8 9. O-O Nc6 10. Bb5 Nd7 11. h3 Na7 12. Be2 e5 13. c4 e4 14. Nh2 h5 15. Qc2
Qh4 16. Rfe1 c6 17. Bf1 Nc8 18. b4 d5 19. bxa5 Rxa5 20. Bc3 Ra7 21. cxd5 cxd5
22. Qb3 Be6 23. Bb4 Qg5 24. Kh1 Qf6 25. Kg1 Qg5 26. Kh1 Qf6 27. Bb5 Qxf2 28.
Rf1 Qh4 29. Bxd7 Bxd7 30. Qxd5 Be6 31. Qb5 Qd8 32. Rac1 f5 33. Rfd1 b6 34. d5
Qd7 35. Qxd7 Bxd7 36. Nc4 Ba4 37. Rd2 Rd7 38. d6 Kf7 39. Nf1 h4 40. Nb2 Bb5 41.
Kg1 Ke6 42. Nc4 Bf8 43. g3 hxg3 44. Nxg3 Bxd6 45. Ne2 Bxb4 46. Nf4+ Ke7 47.
axb4 Bxc4 48. Rxd7+ Kxd7 49. Rxc4 Ne7 50. b5 Rd8 51. h4 Ke8 52. Rd4 Rxd4 53.
exd4 Kf7 54. Kf2 Kf6 55. Ke3 g5 56. hxg5+ Kxg5 57. d5 Nc8 58. Ne6+ Kf6 59. Kd4
Nd6 60. Nc7 f4 61. Na8 f3 62. Ke3 Nxb5 63. Kf2 0-1

[Event "Bodensee-Cup 2008 (Bayern-Baden)"]
[Site "Wasserburg (25.4.-27.4)"]
[Date "2008.04.26"]
[Round "2.6"]
[White "Klundt, Klaus"]
[Black "Maier, Christian(59)"]
[Result "0-1"]
[WhiteElo "2302"]
[BlackElo "2278"]
[PlyCount "48"]
[EventDate "2008.04.??"]
[EventType "team-tourn"]
[EventRounds "2"]
[WhiteTeam "Bayern/Burgsinn SF"]
[BlackTeam "Baden/Freiburg-Zähringen SK"]
[WhiteTeamCountry "GER"]
[BlackTeamCountry "GER"]

1. e4 e6 2. d4 d5 3. Nd2 Nf6 4. e5 Nfd7 5. f4 c5 6. c3 Nc6 7. Ndf3 cxd4 8. cxd4
Nb6 9. Bd3 Bd7 10. Ne2 Rc8 11. Nc3 Be7 12. O-O a6 13. a3 Na5 14. g4 h5 15. gxh5
Rxh5 16. Ng5 Rh4 17. Qf3 Nb3 18. Qg3 Rh8 19. Nxe6 Bxe6 20. f5 Nxa1 21. fxe6
fxe6 22. Bg6+ Kd7 23. Bf7 Rc6 24. Qxg7 Kc8 0-1

[Event "Bodensee-Cup 2008 (Bayern-Baden)"]
[Site "Wasserburg (25.4.-27.4)"]
[Date "2008.04.26"]
[Round "2.7"]
[White "Scherer, Helmut(69)"]
[Black "Singer, Christoph(70)"]
[Result "0-1"]
[WhiteElo "2270"]
[BlackElo "2293"]
[PlyCount "62"]
[EventDate "2008.04.??"]
[EventType "team-tourn"]
[EventRounds "2"]
[WhiteTeam "Baden/Freiburg-Zähringen SK"]
[BlackTeam "Bayern/München-Tarr. SC"]
[WhiteTeamCountry "GER"]
[BlackTeamCountry "GER"]

1. e4 e5 2. Nf3 Nc6 3. Bb5 a6 4. Bxc6 dxc6 5. O-O f6 6. d4 Bg4 7. c3 Bd6 8. Be3
Nh6 9. Nbd2 Nf7 10. Qc2 Qe7 11. Rfe1 O-O 12. c4 Bb4 13. a3 Bxd2 14. Nxd2 exd4
15. Bxd4 Rfd8 16. Nb3 b6 17. c5 Be6 18. Rad1 Bxb3 19. Qxb3 bxc5 20. Bc3 Rxd1
21. Qxd1 Qe6 22. f4 c4 23. Qe2 Nd6 24. Qf3 Nb5 25. Ba5 Rd8 26. a4 Rd3 27. Qf2
Nd4 28. Bxc7 c5 29. f5 Qd7 30. Bb6 Rd2 31. Qh4 Nc2 0-1

[Event "Bodensee-Cup 2008 (Bayern-Baden)"]
[Site "Wasserburg (25.4.-27.4)"]
[Date "2008.04.26"]
[Round "2.8"]
[White "Deglmann, Ludwig"]
[Black "Postojev, Alexander"]
[Result "1-0"]
[WhiteElo "2297"]
[BlackElo "2309"]
[PlyCount "63"]
[EventDate "2008.04.??"]
[EventType "team-tourn"]
[EventRounds "2"]
[WhiteTeam "Bayern/München-Bayern FC"]
[BlackTeam "Baden/Handschuhsheim SK"]
[WhiteTeamCountry "GER"]
[BlackTeamCountry "GER"]

1. g3 Nf6 2. Bg2 d5 3. Nf3 c6 4. d3 Bf5 5. O-O h6 6. c4 e6 7. Be3 Nbd7 8. cxd5
exd5 9. Qb3 Qc7 10. Rc1 Bh7 11. Nc3 Qc8 12. Bh3 Bd6 13. Bd4 Qb8 14. Bxd7+ Nxd7
15. Bxg7 Rg8 16. Bd4 c5 17. Nxd5 cxd4 18. Qa4 Qd8 19. Qxd4 Kf8 20. e4 Rc8 21.
e5 Bc5 22. Qf4 Rg6 23. d4 Bb6 24. Rxc8 Qxc8 25. Re1 Kg7 26. Ne7 Qc4 27. Nf5+
Kg8 28. Nxh6+ Kh8 29. Nf5 Nf8 30. N3h4 Re6 31. Qg5 Ng6 32. Qh6 1-0

[Event "Bodensee-Cup 2008 (Bayern-Baden)"]
[Site "Wasserburg (25.4.-27.4)"]
[Date "2008.04.26"]
[Round "2.9"]
[White "Fuchs, Heinz(63)"]
[Black "Rother, Christoph"]
[Result "1/2-1/2"]
[WhiteElo "2236"]
[BlackElo "2233"]
[PlyCount "88"]
[EventDate "2008.04.??"]
[EventType "team-tourn"]
[EventRounds "2"]
[WhiteTeam "Baden/Untergrombach SC"]
[BlackTeam "Bayern/Regensburg-Fort. SV"]
[WhiteTeamCountry "GER"]
[BlackTeamCountry "GER"]

1. Nf3 g6 2. c4 Bg7 3. d4 Nf6 4. g3 O-O 5. Bg2 d6 6. Nc3 Nbd7 7. O-O e5 8. e4
a6 9. h3 b5 10. Re1 bxc4 11. dxe5 Nxe5 12. Nxe5 dxe5 13. Qa4 Be6 14. Be3 Qd7
15. Red1 Qxa4 16. Nxa4 Nd7 17. Rd2 Rad8 18. Rad1 Bf6 19. Bf1 Be7 20. Rc1 Nb6
21. Rxd8 Rxd8 22. Bxb6 cxb6 23. Nxb6 Rd2 24. Nxc4 Bxc4 25. Bxc4 Rxb2 26. Bb3
Rd2 27. Rc7 Kf8 28. Ra7 Rd6 29. Bc4 Rf6 30. Ra8+ Kg7 31. Rxa6 Bc5 32. Rxf6 Kxf6
33. a4 Bb6 34. Kf1 Ke7 35. Ke2 f5 36. f3 fxe4 37. fxe4 h5 38. Bb5 g5 39. Kf3 h4
40. gxh4 gxh4 41. Kg4 Bf2 42. a5 Kd6 43. a6 Kc7 44. Kg5 Bg3 1/2-1/2

[Event "Bodensee-Cup 2008 (Bayern-Baden)"]
[Site "Wasserburg (25.4.-27.4)"]
[Date "2008.04.26"]
[Round "2.10"]
[White "Schneider, David(90)"]
[Black "Schneider, Bernd(11.60)"]
[Result "0-1"]
[WhiteElo "2204"]
[BlackElo "2247"]
[PlyCount "64"]
[EventDate "2008.04.??"]
[EventType "team-tourn"]
[EventRounds "2"]
[WhiteTeam "Bayern/Großenseebach FSV"]
[BlackTeam "Baden/Untergrombach SC"]
[WhiteTeamCountry "GER"]
[BlackTeamCountry "GER"]

1. e4 c5 2. Nf3 e6 3. b3 b6 4. d4 cxd4 5. Nxd4 Bb7 6. Nb5 a6 7. Nd6+ Bxd6 8.
Qxd6 Bxe4 9. Ba3 Ne7 10. Qd4 Bxc2 11. Qxg7 Rg8 12. Qc3 Bf5 13. Nd2 d5 14. Rd1
b5 15. Bd3 Bxd3 16. Qxd3 Nd7 17. O-O Rg6 18. Rfe1 Nf6 19. Nf3 Nc6 20. Bc5 Ne4
21. Ba3 Rc8 22. g3 f5 23. Nd4 Ne5 24. Qe2 Qg5 25. Bc1 f4 26. Nf3 Nxf3+ 27. Qxf3
Qf5 28. Bxf4 Rc2 29. Rf1 Ng5 30. Qd3 Nh3+ 31. Kh1 Qxd3 32. Rxd3 Nxf2+ 0-1

[Event "Bodensee-Cup 2008 (Bayern-Baden)"]
[Site "Wasserburg (25.4.-27.4)"]
[Date "2008.04.26"]
[Round "2.11"]
[White "Herbrechtsmeier, Christof"]
[Black "Baldauf, Marco"]
[Result "1/2-1/2"]
[WhiteElo "2280"]
[BlackElo "2279"]
[PlyCount "45"]
[EventDate "2008.04.??"]
[EventType "team-tourn"]
[EventRounds "2"]
[WhiteTeam "Baden/Freiburg-Zähringen SK"]
[BlackTeam "Bayern/Pang SGem"]
[WhiteTeamCountry "GER"]
[BlackTeamCountry "GER"]

1. d4 d5 2. Nc3 Nf6 3. Bg5 Nbd7 4. Qd3 e6 5. e4 dxe4 6. Nxe4 Be7 7. Nxf6+ Bxf6
8. Bxf6 Qxf6 9. Nf3 O-O 10. O-O-O e5 11. dxe5 Nxe5 12. Nxe5 Qxe5 13. Qd4 Qxd4
14. Rxd4 Be6 15. Bc4 Rfe8 16. Bxe6 Rxe6 17. Rd7 Rc8 18. Rhd1 Kf8 19. R1d3 Re7
20. Rd8+ Rxd8 21. Rxd8+ Re8 22. Rxe8+ Kxe8 23. Kd2 1/2-1/2

[Event "Bodensee-Cup 2008 (Bayern-Baden)"]
[Site "Wasserburg (25.4.-27.4)"]
[Date "2008.04.26"]
[Round "2.12"]
[White "Wagner, Florian(06.90)"]
[Black "Mader, Manuela"]
[Result "1-0"]
[WhiteElo "2180"]
[BlackElo "2101"]
[PlyCount "67"]
[EventDate "2008.04.??"]
[EventType "team-tourn"]
[EventRounds "2"]
[WhiteTeam "Bayern/Nürnberg-NT SC"]
[BlackTeam "Baden/Neuhausen SK"]
[WhiteTeamCountry "GER"]
[BlackTeamCountry "GER"]

1. d4 Nf6 2. g3 g6 3. Bg2 Bg7 4. e4 d6 5. Ne2 O-O 6. Nbc3 c6 7. h3 Nbd7 8. a4
a5 9. O-O Nb6 10. b3 Ne8 11. Be3 d5 12. Qd2 dxe4 13. Nxe4 Nd6 14. Nxd6 exd6 15.
Rfe1 Re8 16. Bg5 Qc7 17. c4 Be6 18. Nf4 d5 19. Nxe6 fxe6 20. cxd5 Nxd5 21. Rab1
Nb4 22. h4 Qb6 23. Re4 Nd5 24. h5 gxh5 25. Bh3 e5 26. Rbe1 Qxb3 27. dxe5 Qc3
28. Qe2 Rab8 29. Qxh5 Ne7 30. Be6+ Kh8 31. Kg2 Ng8 32. Rh1 h6 33. Bxg8 Kxg8 34.
Bxh6 1-0

[Event "Bodensee-Cup 2008 (Württemberg-Schweiz)"]
[Site "Wasserburg (25.4.-27.4)"]
[Date "2008.04.26"]
[Round "2.1"]
[White "Carron, Julien"]
[Black "Knoedler, Dieter Dr"]
[Result "1/2-1/2"]
[WhiteElo "2399"]
[BlackElo "2373"]
[PlyCount "59"]
[EventDate "2008.??.??"]
[EventType "team-tourn"]
[EventRounds "2"]
[WhiteTeam "SUI"]
[BlackTeam "Württemberg/Markdorf SK"]
[WhiteTeamCountry "SUI"]
[BlackTeamCountry "GER"]

1. d4 e6 2. c4 Nf6 3. g3 c5 4. d5 exd5 5. cxd5 d6 6. Nc3 g6 7. Nf3 Bg7 8. Bg2
O-O 9. O-O Na6 10. Nd2 Nc7 11. Nc4 Nfe8 12. Bf4 b5 13. Na5 Nf6 14. a4 b4 15.
Nb5 Nxb5 16. axb5 Nh5 17. Nc6 Qf6 18. Bc1 a6 19. Qd3 c4 20. Qf3 Bb7 21. bxa6
Bxa6 22. g4 c3 23. gxh5 cxb2 24. Rb1 bxc1=Q 25. Rfxc1 Rfe8 26. e3 Bd3 27. Qxf6
Bxf6 28. Rxb4 Kg7 29. Bf3 Ra2 30. Kg2 1/2-1/2

[Event "Bodensee-Cup 2008 (Württemberg-Schweiz)"]
[Site "Wasserburg (25.4.-27.4)"]
[Date "2008.04.26"]
[Round "2.2"]
[White "Mueller, Ralf(03.69)"]
[Black "Landenbergue, Claude"]
[Result "1/2-1/2"]
[WhiteElo "2336"]
[BlackElo "2440"]
[PlyCount "26"]
[EventDate "2008.??.??"]
[EventType "team-tourn"]
[EventRounds "2"]
[WhiteTeam "Württemberg/Schwäb.Gmünd SG"]
[BlackTeam "SUI"]
[WhiteTeamCountry "GER"]
[BlackTeamCountry "SUI"]

1. Nf3 d5 2. d4 Nf6 3. c4 e6 4. Nc3 Bb4 5. Bg5 h6 6. Bxf6 Qxf6 7. Qa4+ Nc6 8.
Ne5 O-O 9. Nxc6 Bxc3+ 10. bxc3 Bd7 11. cxd5 exd5 12. e3 Bxc6 13. Qc2 Rfe8
1/2-1/2

[Event "Bodensee-Cup 2008 (Württemberg-Schweiz)"]
[Site "Wasserburg (25.4.-27.4)"]
[Date "2008.04.26"]
[Round "2.3"]
[White "Zueger, Beat"]
[Black "Weidemann, Joerg"]
[Result "1-0"]
[WhiteElo "2391"]
[BlackElo "2339"]
[PlyCount "85"]
[EventDate "2008.??.??"]
[EventType "team-tourn"]
[EventRounds "2"]
[WhiteTeam "SUI"]
[BlackTeam "Württemberg/Bebenhausen SK"]
[WhiteTeamCountry "SUI"]
[BlackTeamCountry "GER"]

1. d4 d5 2. c4 Nc6 3. cxd5 Qxd5 4. Nf3 e5 5. Nc3 Bb4 6. Bd2 Bxc3 7. Bxc3 e4 8.
Nd2 Nf6 9. e3 O-O 10. Qb3 Qf5 11. h3 h5 12. g3 Rb8 13. Bg2 Be6 14. Qc2 Bd5 15.
g4 hxg4 16. hxg4 Qxg4 17. Bh3 Qh5 18. Bg2 Qg6 19. Bh3 Ng4 20. Qd1 Nh6 21. Qe2
f5 22. O-O-O b5 23. Rdg1 Qd6 24. b3 Rf6 25. Kb1 Rg6 26. Qh5 Bf7 27. Rxg6 Qxg6
28. Qh4 Bd5 29. Nf1 Rf8 30. Ng3 f4 31. Ne2 fxe3 32. fxe3 b4 33. Be1 Qf6 34. Nf4
Qxh4 35. Bxh4 Bf7 36. Rc1 Be8 37. d5 Ne5 38. Be7 Rf7 39. Be6 Kh7 40. Bxf7 Bxf7
41. Rxc7 Nf5 42. d6 Be8 43. Rc5 1-0

[Event "Bodensee-Cup 2008 (Württemberg-Schweiz)"]
[Site "Wasserburg (25.4.-27.4)"]
[Date "2008.04.26"]
[Round "2.4"]
[White "Hirneise, Tobias"]
[Black "Zenklusen, Rico"]
[Result "0-1"]
[WhiteElo "2362"]
[BlackElo "2391"]
[PlyCount "76"]
[EventDate "2008.??.??"]
[EventType "team-tourn"]
[EventRounds "2"]
[WhiteTeam "Baden/Neuhausen SK"]
[BlackTeam "SUI"]
[WhiteTeamCountry "GER"]
[BlackTeamCountry "SUI"]

1. e4 c6 2. d4 d5 3. exd5 cxd5 4. c4 Nf6 5. Nc3 e6 6. Nf3 Bb4 7. cxd5 Nxd5 8.
Bd2 Nc6 9. Bd3 O-O 10. a3 Be7 11. h4 b6 12. Nxd5 Qxd5 13. Qc2 f5 14. Qc4 Qd6
15. Rc1 Bb7 16. O-O Rac8 17. Qa4 Bf6 18. Bc3 Qf4 19. Bb5 Ne7 20. Bd2 Qg4 21.
Be2 Bd5 22. Qa6 Nc6 23. Ne1 Qxh4 24. Bf3 Qxd4 25. Bxd5 Qxd5 26. Bc3 Nd4 27. Qd3
e5 28. Bxd4 Rxc1 29. Qe3 Rxe1 30. Rxe1 Qxd4 31. Qe2 Rd8 32. g3 e4 33. Qb5 Qd5
34. Qa6 Qd2 35. Rf1 e3 36. fxe3 Qxe3+ 37. Kg2 Rd2+ 38. Kh1 Qh6+ 0-1

[Event "Bodensee-Cup 2008 (Württemberg-Schweiz)"]
[Site "Wasserburg (25.4.-27.4)"]
[Date "2008.04.26"]
[Round "2.5"]
[White "Ballmann, Martin"]
[Black "Lorscheid, Gerhard"]
[Result "1/2-1/2"]
[WhiteElo "2372"]
[BlackElo "2317"]
[PlyCount "35"]
[EventDate "2008.??.??"]
[EventType "team-tourn"]
[EventRounds "2"]
[WhiteTeam "SUI"]
[BlackTeam "Württemberg/Stuttgart SF"]
[WhiteTeamCountry "SUI"]
[BlackTeamCountry "GER"]

1. d4 d5 2. Nf3 Nf6 3. c3 g6 4. Bg5 Bg7 5. e3 O-O 6. Bd3 Nbd7 7. Nbd2 Re8 8.
O-O e5 9. dxe5 Nxe5 10. Nxe5 Rxe5 11. Bh4 c6 12. Qc2 Qb6 13. c4 Bf5 14. Bg3
Bxd3 15. Qxd3 Ree8 16. cxd5 Nxd5 17. Nc4 Qa6 18. Qc2 1/2-1/2

[Event "Bodensee-Cup 2008 (Württemberg-Schweiz)"]
[Site "Wasserburg (25.4.-27.4)"]
[Date "2008.04.26"]
[Round "2.7"]
[White "Loetscher, Roland"]
[Black "Braeuning, Rudolf"]
[Result "0-1"]
[WhiteElo "2395"]
[BlackElo "2316"]
[PlyCount "96"]
[EventDate "2008.??.??"]
[EventType "team-tourn"]
[EventRounds "2"]
[WhiteTeam "SUI"]
[BlackTeam "Württemberg/Bebenhausen SK"]
[WhiteTeamCountry "SUI"]
[BlackTeamCountry "GER"]

1. d4 Nf6 2. c4 e6 3. g3 d5 4. Bg2 dxc4 5. Nf3 a6 6. O-O Nc6 7. Nc3 Rb8 8. e4
Be7 9. d5 exd5 10. exd5 Nb4 11. Ne5 Bf5 12. a3 Nd3 13. Nxc4 Nxc1 14. Rxc1 O-O
15. h3 h6 16. g4 Bh7 17. f4 Ne8 18. f5 Nd6 19. Nxd6 Bxd6 20. Ne4 Be5 21. Rc2
Qe7 22. Qf3 Rfd8 23. Rd1 Kh8 24. Kh1 b6 25. Bf1 Ra8 26. Bc4 f6 27. h4 Bg8 28.
g5 fxg5 29. hxg5 c6 30. dxc6 Rxd1+ 31. Qxd1 Bxc4 32. Rxc4 Qf7 33. Qe2 Qxf5 34.
Nf2 Qxg5 35. Re4 Qc1+ 36. Kg2 Qxc6 37. Nd3 Bf6 38. Kh3 Qd7+ 39. Kh2 Rd8 40. Nf2
Bg5 41. Qxa6 Qc6 42. Kg3 Qg6 43. Qc4 Rf8 44. Ng4 h5 45. Re6 Qf5 46. Nh2 h4+ 47.
Kg2 h3+ 48. Kh1 Qb1+ 0-1

[Event "Bodensee-Cup 2008 (Württemberg-Schweiz)"]
[Site "Wasserburg (25.4.-27.4)"]
[Date "2008.04.26"]
[Round "2.8"]
[White "Heidenfeld, Mark"]
[Black "Moor, Olivier"]
[Result "0-1"]
[WhiteElo "2308"]
[BlackElo "2369"]
[PlyCount "90"]
[EventDate "2008.??.??"]
[EventType "team-tourn"]
[EventRounds "2"]
[WhiteTeam "Württemberg/Ulm-Post SV"]
[BlackTeam "SUI"]
[WhiteTeamCountry "GER"]
[BlackTeamCountry "SUI"]

1. e4 e6 2. d4 d5 3. Nc3 Nf6 4. Bg5 dxe4 5. Nxe4 Be7 6. Bxf6 gxf6 7. Nf3 f5 8.
Nc3 Bf6 9. Qd2 c5 10. dxc5 Qxd2+ 11. Nxd2 Ke7 12. Bb5 Bd7 13. Bxd7 Nxd7 14. Na4
Rhc8 15. c4 Nxc5 16. Nxc5 Rxc5 17. Rb1 Rd8 18. f4 b5 19. Ke2 bxc4 20. Rhc1 c3
21. bxc3 Rxc3 22. Rxc3 Bxc3 23. Nf3 f6 24. Rb5 Kd6 25. Rb3 Rc8 26. Ra3 a5 27.
Rb3 Bb4 28. Nd4 Kd5 29. Rd3 Rc3 30. g3 Rxd3 31. Kxd3 Bc5 32. Ne2 Bf2 33. a3 Kc5
34. Kc3 Be1+ 35. Kb3 e5 36. Ng1 e4 37. Ne2 Kd5 38. a4 Kc5 39. Kc2 Kc4 40. Nc1
Bf2 41. Ne2 Bd4 42. Nc1 Bc5 43. Ne2 Bb4 44. Nc1 Kd4 45. Na2 h5 0-1

[Event "Bodensee-Cup 2008 (Württemberg-Schweiz)"]
[Site "Wasserburg (25.4.-27.4)"]
[Date "2008.04.26"]
[Round "2.9"]
[White "Wirthensohn, Heinz"]
[Black "Dausch, Rene"]
[Result "1-0"]
[WhiteElo "2363"]
[BlackElo "2299"]
[PlyCount "97"]
[EventDate "2008.??.??"]
[EventType "team-tourn"]
[EventRounds "2"]
[WhiteTeam "SUI"]
[BlackTeam "Württemberg/Böblingen SC"]
[WhiteTeamCountry "SUI"]
[BlackTeamCountry "GER"]

1. Nf3 Nf6 2. c4 g6 3. Nc3 d5 4. Qa4+ Bd7 5. Qb3 dxc4 6. Qxc4 Bg7 7. e4 O-O 8.
e5 Ng4 9. d4 Be6 10. Qb5 Bd7 11. Qxb7 Bc6 12. Qb3 Bxf3 13. gxf3 Nh6 14. Be3 Nf5
15. O-O-O c5 16. dxc5 Qc7 17. Nd5 Qxe5 18. f4 Qe6 19. Bh3 Nc6 20. Bxf5 gxf5 21.
Rhg1 Kh8 22. Rd2 Rab8 23. Qa3 Bxb2+ 24. Rxb2 Qxd5 25. Qc3+ f6 26. Rd1 Qe4 27.
Qd3 Nb4 28. Qxe4 fxe4 29. Kb1 Nd3 30. Rxb8 Rxb8+ 31. Ka1 Kg7 32. Rb1 Nb4 33.
Rb3 Kf7 34. a3 Nc6 35. Rxb8 Nxb8 36. Kb2 Ke6 37. Kc3 Kd5 38. Kb4 a6 39. Ka5 f5
40. Kb6 Nd7+ 41. Kxa6 Nxc5+ 42. Kb5 Nb7 43. a4 Nd6+ 44. Kb4 e5 45. a5 exf4 46.
Bxf4 Nc8 47. Kb5 Nd6+ 48. Bxd6 Kxd6 49. Kc4 1-0

[Event "Bodensee-Cup 2008 (Württemberg-Schweiz)"]
[Site "Wasserburg (25.4.-27.4)"]
[Date "2008.04.26"]
[Round "2.10"]
[White "Reuss, Andreas(81)"]
[Black "Raeber, Markus"]
[Result "1/2-1/2"]
[WhiteElo "2292"]
[BlackElo "2247"]
[PlyCount "70"]
[EventDate "2008.??.??"]
[EventType "team-tourn"]
[EventRounds "2"]
[WhiteTeam "Württemberg/Stuttgart SF"]
[BlackTeam "SUI"]
[WhiteTeamCountry "GER"]
[BlackTeamCountry "SUI"]

1. d4 d5 2. Nf3 c5 3. c3 Nc6 4. g3 cxd4 5. cxd4 Bg4 6. Ne5 Nxe5 7. dxe5 Qd7 8.
Bg2 e6 9. h3 Bh5 10. O-O Bc5 11. Nc3 a6 12. Kh2 Ne7 13. Na4 Ba7 14. b3 b5 15.
Nb2 Nc6 16. Nd3 Bg6 17. Bb2 O-O 18. Qd2 Bxd3 19. Qxd3 Rac8 20. Rac1 Qe7 21. f4
Nb4 22. Qd2 Nxa2 23. Rxc8 Rxc8 24. f5 exf5 25. Qa5 Nb4 26. Ba3 Nc6 27. Qxa6 Qd7
28. Qxb5 Nxe5 29. Qxd7 Nxd7 30. Bxd5 Rc2 31. Bc4 Ne5 32. Bb5 g6 33. Be7 Kg7 34.
g4 Bb8 35. Kh1 fxg4 1/2-1/2